Southville International School and Colleges
Your cart is empty.
  • Cart
  • Lists
    Public lists Eva Luna New books Lux_list list_1
    Your lists Log in to create your own lists
  • Log in to your account
  • Your cookies
  • Search history
Southville International School and Colleges
  • Advanced search
  • Recent comments
  • Most popular
  • Libraries

Log in to your account

Log in with GOOGLE


If you do not have an external account, but do have a local account, you can still log in:

  1. Home
  2. MARC view: The five people you meet in heaven /
Normal view MARC view ISBD view

The five people you meet in heaven / (Record no. 282489)

[ view plain ]
MARC details
000 -LEADER
fixed length control field 00373nam a2200133Ia 4500
008 - FIXED-LENGTH DATA ELEMENTS--GENERAL INFORMATION
fixed length control field 150202s9999 xx 000 0 und d
020 ## - INTERNATIONAL STANDARD BOOK NUMBER
International Standard Book Number 1401398033
050 ## - LIBRARY OF CONGRESS CALL NUMBER
Classification number FIC
Item number FIC
100 ## - MAIN ENTRY--PERSONAL NAME
Personal name Albom, Mitch.
245 #4 - TITLE STATEMENT
Title The five people you meet in heaven /
Statement of responsibility, etc Mitch Albom.
260 ## - PUBLICATION, DISTRIBUTION, ETC. (IMPRINT)
Place of publication, distribution, etc New York :
Name of publisher, distributor, etc Hachette Books,
Date of publication, distribution, etc 2003.
300 ## - PHYSICAL DESCRIPTION
Extent 196 pages :
Dimensions 18 cm.
650 ## - SUBJECT ADDED ENTRY--TOPICAL TERM
Topical term or geographic name as entry element Fiction.

No items available.

The five people you meet in heaven /

APA

Albom M., . (2003). The five people you meet in heaven. New York: Hachette Books.

Chicago

Albom Mitch, . 2003. The five people you meet in heaven. New York: Hachette Books.

Harvard

Albom M., . (2003). The five people you meet in heaven. New York: Hachette Books.

MLA

Albom Mitch, . The five people you meet in heaven. New York: Hachette Books. 2003.

  • Print
  • Cite
  • Add to your cart (remove)
  • Save record
    BIBTEX Dublin Core MARCXML MARC (non-Unicode/MARC-8) MARC (Unicode/UTF-8) MARC (Unicode/UTF-8, Standard) MODS (XML) RIS
  • More searches
    Search for this title in:
    Other Libraries (WorldCat) Other Databases (Google Scholar) Online Stores (Bookfinder.com) Open Library (openlibrary.org)

Exporting to Dublin Core...

SOUTHVILLE LIBRARY

Southville International School and Colleges Library

1281 Tropical Ave. Cor. Luxembourg St., BF Homes International, Las Pinas City

Tel. No. 8256374 / 252358 Loc. 117/146

Powered by Koha